<?xml version="1.0" encoding="UTF-8"?>
<record
    xmlns:xsi="http://www.w3.org/2001/XMLSchema-instance"
    xsi:schemaLocation="http://www.loc.gov/MARC21/slim http://www.loc.gov/standards/marcxml/schema/MARC21slim.xsd"
    xmlns="http://www.loc.gov/MARC21/slim">

  <leader>02421nam a22003257a 4500</leader>
  <controlfield tag="003">NALT</controlfield>
  <controlfield tag="005">20260202131351.0</controlfield>
  <controlfield tag="008">260122b        th ||||| |||| 00| 0 tha d</controlfield>
  <datafield tag="020" ind1=" " ind2=" ">
    <subfield code="a">9786169486572</subfield>
  </datafield>
  <datafield tag="040" ind1=" " ind2=" ">
    <subfield code="a">NALT</subfield>
  </datafield>
  <datafield tag="041" ind1="1" ind2=" ">
    <subfield code="a">tha</subfield>
    <subfield code="h">eng</subfield>
  </datafield>
  <datafield tag="050" ind1=" " ind2=" ">
    <subfield code="a">JC 573</subfield>
    <subfield code="b">&#xE2A;128&#xE2D; 2568</subfield>
  </datafield>
  <datafield tag="100" ind1="1" ind2=" ">
    <subfield code="a">&#xE2A;&#xE04;&#xE23;&#xE39;&#xE15;&#xE31;&#xE19;, &#xE42;&#xE23;&#xE40;&#xE08;&#xE2D;&#xE23;&#xE4C;.</subfield>
    <subfield code="9">67306</subfield>
  </datafield>
  <datafield tag="245" ind1="1" ind2="0">
    <subfield code="a">&#xE2D;&#xE19;&#xE38;&#xE23;&#xE31;&#xE01;&#xE29;&#xE4C;&#xE19;&#xE34;&#xE22;&#xE21;&#xE09;&#xE1A;&#xE31;&#xE1A;&#xE44;&#xE21;&#xE48;&#xE25;&#xE49;&#xE32;&#xE2B;&#xE25;&#xE31;&#xE07; =</subfield>
    <subfield code="b">How to be a conservative / </subfield>
    <subfield code="c">&#xE40;&#xE02;&#xE35;&#xE22;&#xE19; &#xE42;&#xE23;&#xE40;&#xE08;&#xE2D;&#xE23;&#xE4C; &#xE2A;&#xE04;&#xE23;&#xE39;&#xE15;&#xE31;&#xE19; ; &#xE41;&#xE1B;&#xE25; &#xE0A;&#xE22;&#xE32;&#xE07;&#xE01;&#xE39;&#xE23; &#xE18;&#xE23;&#xE23;&#xE21;&#xE2D;&#xE31;&#xE19;, &#xE0A;&#xE22;&#xE32;&#xE07;&#xE01;&#xE39;&#xE23; &#xE40;&#xE1E;&#xE47;&#xE0A;&#xE23;&#xE1B;&#xE31;&#xE0D;&#xE0D;&#xE32;, &#xE19;&#xE19; &#xE28;&#xE38;&#xE20;&#xE2A;&#xE32;&#xE23;.</subfield>
  </datafield>
  <datafield tag="246" ind1="3" ind2="1">
    <subfield code="a">How to be a conservative.</subfield>
  </datafield>
  <datafield tag="250" ind1=" " ind2=" ">
    <subfield code="a">&#xE1E;&#xE34;&#xE21;&#xE1E;&#xE4C;&#xE04;&#xE23;&#xE31;&#xE49;&#xE07;&#xE41;&#xE23;&#xE01;.</subfield>
  </datafield>
  <datafield tag="260" ind1=" " ind2=" ">
    <subfield code="a">&#xE01;&#xE23;&#xE38;&#xE07;&#xE40;&#xE17;&#xE1E;&#xE2F; : </subfield>
    <subfield code="b">&#xE2A;&#xE33;&#xE19;&#xE31;&#xE01;&#xE19;&#xE34;&#xE2A;&#xE34;&#xE15;&#xE2A;&#xE32;&#xE21;&#xE22;&#xE48;&#xE32;&#xE19;, </subfield>
    <subfield code="c">2568.</subfield>
  </datafield>
  <datafield tag="300" ind1=" " ind2=" ">
    <subfield code="a">308 &#xE2B;&#xE19;&#xE49;&#xE32; ;</subfield>
    <subfield code="c">19 &#xE0B;&#xE21;.</subfield>
  </datafield>
  <datafield tag="505" ind1="2" ind2=" ">
    <subfield code="a">&#xE01;&#xE32;&#xE23;&#xE40;&#xE14;&#xE34;&#xE19;&#xE17;&#xE32;&#xE07;&#xE02;&#xE2D;&#xE07;&#xE1C;&#xE21; -- &#xE40;&#xE23;&#xE34;&#xE48;&#xE21;&#xE08;&#xE32;&#xE01;&#xE17;&#xE35;&#xE48;&#xE1A;&#xE49;&#xE32;&#xE19; -- &#xE04;&#xE27;&#xE32;&#xE21;&#xE08;&#xE23;&#xE34;&#xE07;&#xE02;&#xE2D;&#xE07;&#xE0A;&#xE32;&#xE15;&#xE34;&#xE19;&#xE34;&#xE22;&#xE21; -- &#xE04;&#xE27;&#xE32;&#xE21;&#xE08;&#xE23;&#xE34;&#xE07;&#xE40;&#xE01;&#xE35;&#xE48;&#xE22;&#xE27;&#xE01;&#xE31;&#xE1A;&#xE2A;&#xE31;&#xE07;&#xE04;&#xE21;&#xE19;&#xE34;&#xE22;&#xE21; -- &#xE04;&#xE27;&#xE32;&#xE21;&#xE08;&#xE23;&#xE34;&#xE07;&#xE02;&#xE2D;&#xE07;&#xE17;&#xE38;&#xE19;&#xE19;&#xE34;&#xE22;&#xE21; -- &#xE04;&#xE27;&#xE32;&#xE21;&#xE08;&#xE23;&#xE34;&#xE07;&#xE02;&#xE2D;&#xE07;&#xE40;&#xE2A;&#xE23;&#xE35;&#xE19;&#xE34;&#xE22;&#xE21; -- &#xE04;&#xE27;&#xE32;&#xE21;&#xE08;&#xE23;&#xE34;&#xE07;&#xE02;&#xE2D;&#xE07;&#xE1E;&#xE2B;&#xE38;&#xE27;&#xE31;&#xE12;&#xE19;&#xE18;&#xE23;&#xE23;&#xE21; -- &#xE04;&#xE27;&#xE32;&#xE21;&#xE08;&#xE23;&#xE34;&#xE07;&#xE40;&#xE01;&#xE35;&#xE48;&#xE22;&#xE27;&#xE01;&#xE31;&#xE1A;&#xE04;&#xE15;&#xE34;&#xE19;&#xE34;&#xE22;&#xE21;&#xE2A;&#xE34;&#xE48;&#xE07;&#xE41;&#xE27;&#xE14;&#xE25;&#xE49;&#xE2D;&#xE21; -- &#xE04;&#xE27;&#xE32;&#xE21;&#xE08;&#xE23;&#xE34;&#xE07;&#xE40;&#xE01;&#xE35;&#xE48;&#xE22;&#xE27;&#xE01;&#xE31;&#xE1A;&#xE2A;&#xE32;&#xE01;&#xE25;&#xE19;&#xE34;&#xE22;&#xE21; -- &#xE04;&#xE27;&#xE32;&#xE21;&#xE08;&#xE23;&#xE34;&#xE07;&#xE40;&#xE01;&#xE35;&#xE48;&#xE22;&#xE27;&#xE01;&#xE31;&#xE1A;&#xE2D;&#xE19;&#xE38;&#xE23;&#xE31;&#xE01;&#xE29;&#xE19;&#xE34;&#xE22;&#xE21; -- &#xE40;&#xE02;&#xE15;&#xE41;&#xE14;&#xE19;&#xE41;&#xE2B;&#xE48;&#xE07;&#xE04;&#xE38;&#xE13;&#xE04;&#xE48;&#xE32; -- &#xE40;&#xE23;&#xE37;&#xE48;&#xE2D;&#xE07;&#xE02;&#xE2D;&#xE07;&#xE20;&#xE32;&#xE04;&#xE1B;&#xE0F;&#xE34;&#xE1A;&#xE31;&#xE15;&#xE34; -- &#xE01;&#xE25;&#xE48;&#xE32;&#xE27;&#xE04;&#xE33;&#xE25;&#xE32; &#xE2D;&#xE22;&#xE48;&#xE32;&#xE44;&#xE14;&#xE49;&#xE2D;&#xE32;&#xE25;&#xE31;&#xE22; &#xE41;&#xE21;&#xE49;&#xE19;&#xE2A;&#xE34;&#xE48;&#xE07;&#xE2A;&#xE39;&#xE0D;&#xE44;&#xE1B;&#xE44;&#xE21;&#xE48;&#xE22;&#xE49;&#xE2D;&#xE19;&#xE04;&#xE37;&#xE19;&#xE21;&#xE32;.</subfield>
  </datafield>
  <datafield tag="650" ind1=" " ind2="4">
    <subfield code="a">&#xE2D;&#xE19;&#xE38;&#xE23;&#xE31;&#xE01;&#xE29;&#xE4C;&#xE19;&#xE34;&#xE22;&#xE21; </subfield>
    <subfield code="9">49693</subfield>
  </datafield>
  <datafield tag="700" ind1="1" ind2=" ">
    <subfield code="a">Scruton, Roger</subfield>
    <subfield code="9">67337</subfield>
  </datafield>
  <datafield tag="700" ind1="0" ind2=" ">
    <subfield code="a">&#xE0A;&#xE22;&#xE32;&#xE07;&#xE01;&#xE39;&#xE23; &#xE18;&#xE23;&#xE23;&#xE21;&#xE2D;&#xE31;&#xE19;</subfield>
    <subfield code="9">37268</subfield>
  </datafield>
  <datafield tag="700" ind1="0" ind2=" ">
    <subfield code="a">&#xE0A;&#xE22;&#xE32;&#xE07;&#xE01;&#xE39;&#xE23; &#xE40;&#xE1E;&#xE47;&#xE0A;&#xE23;&#xE1B;&#xE31;&#xE0D;&#xE0D;&#xE32;</subfield>
    <subfield code="9">67338</subfield>
  </datafield>
  <datafield tag="700" ind1="0" ind2=" ">
    <subfield code="a">&#xE19;&#xE19; &#xE28;&#xE38;&#xE20;&#xE2A;&#xE32;&#xE23;</subfield>
    <subfield code="9">67339</subfield>
  </datafield>
  <datafield tag="942" ind1=" " ind2=" ">
    <subfield code="c">GB</subfield>
    <subfield code="2">lcc</subfield>
  </datafield>
  <datafield tag="996" ind1=" " ind2=" ">
    <subfield code="a">jidapa.t</subfield>
    <subfield code="b">ACQSTF</subfield>
    <subfield code="c">2026-01-22</subfield>
  </datafield>
  <datafield tag="996" ind1=" " ind2=" ">
    <subfield code="a">varee.k</subfield>
    <subfield code="b">LIBSTF</subfield>
    <subfield code="c">2026-01-23</subfield>
  </datafield>
  <datafield tag="996" ind1=" " ind2=" ">
    <subfield code="a">saiphon.d</subfield>
    <subfield code="b">CATSTF	</subfield>
    <subfield code="c">2026-01-28</subfield>
  </datafield>
  <datafield tag="999" ind1=" " ind2=" ">
    <subfield code="c">107707</subfield>
    <subfield code="d">107707</subfield>
  </datafield>
  <datafield tag="998" ind1=" " ind2=" ">
    <subfield code="j">111</subfield>
    <subfield code="k"> &#xE19;&#xE32;&#xE07;&#xE2A;&#xE32;&#xE27;&#xE1E;&#xE08;&#xE1E;&#xE34;&#xE13;  &#xE1E;&#xE23;&#xE21;&#xE40;&#xE2D;&#xE35;&#xE48;&#xE22;&#xE21;</subfield>
  </datafield>
  <datafield tag="952" ind1=" " ind2=" ">
    <subfield code="0">0</subfield>
    <subfield code="1">0</subfield>
    <subfield code="2">lcc</subfield>
    <subfield code="4">0</subfield>
    <subfield code="7">0</subfield>
    <subfield code="8">CGBL</subfield>
    <subfield code="a">NALT</subfield>
    <subfield code="b">NALT</subfield>
    <subfield code="c">GEN</subfield>
    <subfield code="d">2026-01-22</subfield>
    <subfield code="e">54</subfield>
    <subfield code="l">1</subfield>
    <subfield code="o">JC 573 &#xE2A;128&#xE2D; 2568</subfield>
    <subfield code="p">3961216085</subfield>
    <subfield code="r">2026-02-10 00:00:00</subfield>
    <subfield code="s">2026-02-02</subfield>
    <subfield code="w">2026-01-22</subfield>
    <subfield code="y">GB</subfield>
  </datafield>
</record>
